000 00737nam a22002537a 4500
001 47117
003 UA-OsUOA
005 20200217102527.0
007 ta
008 20070711b un ||||| |||| 00| 0 ukr d
020 _a5120010709
040 _aUA-OsUOA
_brus
_cUA-OsUOA
_dUA-OsUOA
041 _arus
080 _a7.011
090 _a7.011
_bШ95
100 _aШульга Р. П.
245 _aИскусство и ценностные ориентации личности
260 _aК.
_bНаукова думка
_c1989
300 _a120 с.
650 7 _a7.0 Загальні питання мистецтва
_2UDC
942 _cBK
_2udc
955 _a2
999 _c333206
_d333206